Score 0/20 Timer 03:00
0 Plays Today
Hint Answer % Correct
Martin ________ BurenVan
96.2%
Gerald ________Ford
95.9%
________ CheneyDick
95.6%
Spiro ________Agnew
93.9%
________ C. CalhounJohn
84.4%
Aaron ________Burr
82.3%
Adlai ________Stevenson
81.9%
Dan ________Quayle
81.5%
________ RockefellerNelson
78.1%
Walter ________Mondale
76.2%
Hint Answer % Correct
Mike ________Pence
76.2%
________ A. WheelerWilliam
62.6%
________ R. MarshallThomas
44.7%
________ Mentor JohnsonRichard
35.6%
John Nance ________Garner
29.2%
________ HamlinHannibal
24.6%
William R. ________King
18.2%
Schuyler ________Colfax
17.8%
________ GerryElbridge
17%
________ P. MortonLevi
13.3%

Today's Daily Dose

Remove Ads.
Support Sporcle.
Get the best of Sporcle when you Go Orange. This ad-free experience offers more features, more stats, and more fun while also helping to support Sporcle. Thank you for becoming a member.

You're not logged in!

Compare scores with friends on all Sporcle quizzes.
OR
Log In

Show Comments

Extras

Top Quizzes Today


Score Distribution

Your Account Isn't Verified!

In order to create a playlist on Sporcle, you need to verify the email address you used during registration. Go to your Sporcle Settings to finish the process.

Report this User

Report this user for behavior that violates our Community Guidelines.

Details: